Flagi państw Afrykańskich (Bardzo Trudne +) - Statystyki

Ogólne statystyki
  • Ten quiz został rozwiązany 277 razy
    74 od ostatniego zresetowania
  • Średni wynik to 47 z 67
Statystyki odpowiedzi
Obrazkowy Hint Odpowiedź % Poprawnych
Egipt
89%
Algieria
85%
Czad
85%
Kenia
85%
Madagaskar
85%
Maroko
85%
Nigeria
85%
Republika Południowej Afryki
85%
Senegal
85%
Seszele
85%
Tunezja
85%
Uganda
83%
Angola
81%
Gabon
81%
Ghana
81%
Mozambik
81%
Niger
81%
Botswana
79%
Demokratyczna Republika Konga
79%
Etiopia
79%
Mali
79%
Mauretania
79%
Tanzania
79%
Burkina Faso
77%
Burundi
77%
Lesotho
77%
Mauritius
77%
Togo
77%
Zambia
77%
Liberia
74%
Libia
74%
Sierra Leone
74%
Sudan
74%
Wybrzeże Kości Słoniowej
74%
Benin
72%
Gwinea Bissau
72%
Kamerun
72%
Malawi
72%
Namibia
72%
Somalia
72%
Dżibuti
70%
Erytrea
70%
Gwinea
70%
Wyspy Kanaryjskie Hiszpania
70%
Komory
70%
Madera Portugalia
70%
Republika Środkowoafrykańska
70%
Zimbabwe
70%
Republika Zielonego Przylądka
68%
Rwanda
68%
Sudan Południowy
68%
Wyspy Pelagijskie Włochy
68%
Gambia
66%
Gwinea Równikowa
66%
Eswatini
64%
Kongo
64%
Sokotra Jemen
60%
Wyspy Świętego Tomasza i Książęca
55%
Sahara Zachodnia
49%
Reunion
45%
Somaliland
38%
Zanzibar
38%
Majotta
28%
Wyspa Świętej Heleny
26%
Wyspa Wniebowstąpienia
21%
Francuskie Terytoria Południowe i Antarktyczne
17%
Tristan da Cunha
17%
Nie znaleziono quizów pasujących do podanych kryteriów
Rozkład punktacji
Procent ludzi z każdym wynikiem
Percentyl według liczby udzielonych odpowiedzi
Twoja historia wyników
Nie rozwiązałeś tego quizu od ostatniego zresetowania